Statistics for 50 Airports Named for People

Click here to take the quiz!

General Stats

  • This quiz has been taken 213 times
  • The average score is 24 of 50

Answer Stats

HintAnswer% Correct
John F. KennedyNew York
96%
Charled de GaulleParis
95%
Edward O'HareChicago
89%
Indra GandhiDelhi
89%
Leonardo da VinciRome
86%
Mustafa Kemal AtatürkIstanbul
83%
John LennonLiverpool
83%
George H. W. BushHouston
82%
David Ben-GurionTel Aviv
79%
Louis ArmstrongNew Orleans
77%
Marco PoloVenice
77%
Frédéric ChopinWarsaw
68%
Lester B. PearsonToronto
66%
Nikola TeslaBelgrade
58%
Jomo KenyattaNairobi
58%
William B. Hartsfield & Maynard JacksonAtlanta
56%
Mother TeresaTirana
56%
Benigno S. Aquino Jr.Manila
55%
Benito JuárezMexico City
52%
Pat McCarranLas Vegas
51%
Eleftherios VenizelosAthens
50%
Simón BolívarCaracas
50%
Sukarno & Mohammed HattaJakarta
48%
Oliver TamboJohannesburg
48%
King KhalidRiyadh
48%
Charles Kingsford-SmithSydney
48%
Napoleon BonaparteAjaccio
43%
Christopher ColumbusGenoa
41%
Queen AliaAmman
40%
Yasser ArafatRafah (Gaza Strip)
38%
Ted StevensAnchorage
34%
King Mohammed VCasablanca
34%
José MartíHavana
34%
Adolfo SuárezMadrid
34%
Princess JulianaPhilipsburg
33%
Konrad AdenauerCologne/Bonn
31%
Robin HoodDoncaster
26%
Alberto Santos DumontRio de Janeiro
26%
Albert Bond LambertSt Louis
26%
Giovanni Falcone & Paolo BorsellinoPalermo
25%
Rafic HaririBeirut
24%
Jorge ChávezLima
24%
Emmanuel Kwasi KotokaAccra
21%
Murtala Ramat MuhammedLagos
21%
Léopold Sédar SenghorDakar
19%
Grantley AdamsBridgetown
18%
Tribhuwan Bir Bikram ShahKathmandu
16%
HippocratesKos
11%
Nelson MandelaPraia
11%
King Gustaf IIISt Barthélemy
10%

Score Distribution

Percentile by Number Answered

Percent of People with Each Score

Your Score History

You have not taken this quiz